| 000 | 00442nam a2200181Ia 4500 | ||
|---|---|---|---|
| 008 | 230524s9999 xx 000 0 und d | ||
| 020 | _a8173661464 | ||
| 082 |
_a4 _bRIC |
||
| 100 |
_aRichard Anderson _92356 |
||
| 245 | 0 | _aASP 3.0 Programmer's Reference | |
| 250 | _a1ST | ||
| 260 |
_aUSA _bShroff _c2004 |
||
| 300 | _aXXVII1297 | ||
| 500 | _aQuantity Number: 1 | ||
| 650 | _aComp-Sc | ||
| 700 |
_a Dan Denault et.al _92357 |
||
| 942 | _cBK | ||
| 999 |
_c4316 _d4316 |
||